Statystyki dla Łańcuch wysp od Cypru do Nowej Zelandii

Kliknij tutaj aby rozwiązać quiz!

Ogólne statystyki

  • Ten quiz został rozwiązany 53 razy
  • Średni wynik to 18 z 30

Statystyki odpowiedzi

Państwo% Poprawnych
Malta
97%
Wielka Brytania
97%
Islandia
92%
Madagaskar
87%
Sri Lanka
82%
Indonezja
72%
Japonia
72%
Republika
Zielonego Przylądka
72%
Tajwan
72%
Irlandia
69%
Mauritius
69%
Seszele
69%
Wyspy Świętego
Tomasza i Książeca
67%
Brunei
64%
Komory
64%
Malediwy
62%
Singapur
59%
Nauru
54%
Papua-Nowa Gwinea
54%
Timor Wschodni
54%
Wyspy Salomona
49%
Filipiny
46%
Kiribati
41%
Samoa
41%
Palau
38%
Tonga
38%
Fidżi
36%
Wyspy Marshalla
31%
Mikronezja
26%
Vanuatu
21%

Rozkład punktacji

Percentyl według liczby udzielonych odpowiedzi

Procent ludzi z każdym wynikiem

Twoja historia wyników

Nie rozwiązałeś tego quizu